| 000 | 00358 a2200169 4500 | ||
|---|---|---|---|
| 001 | 177417 | ||
| 020 | _a85-16-02723-6 | ||
| 040 | _cMagnum | ||
| 100 | _aSanta Rosa, Nereide Schilaro | ||
| 240 | 1 | 0 |
_aAlfredo Volpi _lpor |
| 245 | 1 | 0 | _aAlfredo Volpi |
| 300 | _a30 | ||
| 362 | 0 | _a2000 | |
| 440 | 1 | _aModerna | |
| 697 | _aPINTORES E PINTURAS | ||
| 942 | _cBK | ||
| 999 |
_c177417 _d177417 |
||